Use of Siberian mineral raw materials in the manufacture of self-glazing ceramic tile; Glass and Ceramics; Vol. 54, N 11-12

Bibliografiske detaljer
Parent link:Glass and Ceramics.— , 1997
Vol. 54, N 11-12.— 1997.— P. 373-375
Hovedforfatter: Pogrebenkov V. M.
Andre forfattere: Mel'nik E. D., Vereshchagin (Vereschagin, Vereshagin) V. I. Vladimir Ivanovich
Summary:It is shown to be possible to manufacture self-glazing ceramic tile of satisfactory quality from the mineral raw materials available in the Siberian region and the soda-alkali effluent from a local petrochemical plant
В фонде НТБ ТПУ отсутствует
Sprog:engelsk
Udgivet: 1997
Fag:
Format: MixedMaterials Book Chapter
KOHA link:https://koha.lib.tpu.ru/cgi-bin/koha/opac-detail.pl?biblionumber=596007

MARC

LEADER 00000naa0a2200000 4500
001 596007
005 20250324114347.0
035 |a (RuTPU)RU\TPU\tpu\17978 
090 |a 596007 
100 |a 20100903d1997 k||y0rusy50 ba 
101 0 |a eng 
102 |a US 
200 1 |a Use of Siberian mineral raw materials in the manufacture of self-glazing ceramic tile  |f V. M. Pogrebenkov, E. D. Mel'nik, V. I. Vereshchagin 
320 |a References: p. 375 
330 |a It is shown to be possible to manufacture self-glazing ceramic tile of satisfactory quality from the mineral raw materials available in the Siberian region and the soda-alkali effluent from a local petrochemical plant 
333 |a В фонде НТБ ТПУ отсутствует 
461 |t Glass and Ceramics  |d 1997 
463 |t Vol. 54, N 11-12  |v P. 373-375  |d 1997 
610 1 |a труды учёных ТПУ 
700 1 |a Pogrebenkov  |b V. M. 
701 1 |a Mel'nik  |b E. D. 
701 1 |a Vereshchagin (Vereschagin, Vereshagin)  |b V. I.  |c Chemical Engineer  |c Professor of Tomsk Polytechnic University, Doctor of technical sciences  |f 1942-  |g Vladimir Ivanovich  |3 (RuTPU)RU\TPU\pers\26325  |9 12080 
801 1 |a RU  |b 63413507  |c 20100903 
801 2 |a RU  |b 63413507  |c 20120523  |g RCR 
942 |c CR